| 000 | 00334nam a2200145Ia 4500 | ||
|---|---|---|---|
| 999 |
_c6149 _d6149 |
||
| 003 | OSt | ||
| 005 | 20200505132944.0 | ||
| 008 | 190906s9999||||xx |||||||||||||| ||und|| | ||
| 040 | _c123 | ||
| 100 | _aMolana Yousuf islahi | ||
| 245 | 2 | _aAdab-e-Zindagi | |
| 260 |
_aKarachi _bDorling Kindersley _c1991 |
||
| 300 | _a992 | ||
| 942 |
_cBK _2ddc |
||